Sri Siddhar Swami of Thanjavur (Record no. 515017)
[ view plain ]
| 000 -LEADER | |
|---|---|
| fixed length control field | 00250nam a2200097 4500 |
| 082 ## - DEWEY DECIMAL CLASSIFICATION NUMBER | |
| Classification number | TNC B124x54 B299 |
| 100 ## - MAIN ENTRY--PERSONAL NAME | |
| Personal name | Basavaraj, B.C. |
| 9 (RLIN) | 20086 |
| 245 ## - TITLE STATEMENT | |
| Title | Sri Siddhar Swami of Thanjavur |
| 260 ## - PUBLICATION, DISTRIBUTION, ETC. (IMPRINT) | |
| Place of publication, distribution, etc | Mysore |
| Name of publisher, distributor, etc | Shobitha Publications |
| Date of publication, distribution, etc | 1999 |
| 300 ## - PHYSICAL DESCRIPTION | |
| Extent | 111p. |
| Withdrawn status | Lost status | Source of classification or shelving scheme | Damaged status | Koha normalized classification for sorting | Not for loan | Permanent location | Current location | Date acquired | Full call number | Barcode | Date last seen | Price effective from | Koha item type |
|---|---|---|---|---|---|---|---|---|---|---|---|---|---|
| TNC_A99_C447 | Indian Institute of Public Administration | Indian Institute of Public Administration | 2021-01-07 | TNC A99 C447 | Gr22119 | 2021-01-07 | 2021-01-07 | GR | |||||
| TNC_B124X54_B299 | Indian Institute of Public Administration | Indian Institute of Public Administration | 2021-01-07 | TNC B124x54 B299 | GR22120 | 2021-01-07 | 2021-01-07 | GR |
